000 00345nam a2200145Ia 4500
008 230917s9999||||xx |||||||||||||| ||und||
020 _cRS55
040 _e148543
_aMAIN
041 _aEnglish
082 _a823.09 M295P
100 _amalik Y.K.
245 0 _aPolitics and the novel in India a perspective
300 _a153p p.
942 _cBK
999 _c191329
_d191329